Teddy's A B C / (Record no. 109903)
[ view plain ]
| 000 -LEADER | |
|---|---|
| fixed length control field | 00575nam a2200193 a 4500 |
| 001 - CONTROL NUMBER | |
| control field | 1686 |
| 005 - DATE AND TIME OF LATEST TRANSACTION | |
| control field | 20140414131845.0 |
| 008 - FIXED-LENGTH DATA ELEMENTS--GENERAL INFORMATION | |
| fixed length control field | 001109s19uu xx 00 eng d |
| 020 ## - INTERNATIONAL STANDARD BOOK NUMBER | |
| International Standard Book Number | 0-7097-0863-7 |
| 050 ## - LIBRARY OF CONGRESS CALL NUMBER | |
| Classification number | M 423.1 |
| Item number | Sp9 1993 |
| 100 ## - MAIN ENTRY--PERSONAL NAME | |
| Personal name | Spurgeon, Maureen |
| 245 ## - TITLE STATEMENT | |
| Title | Teddy's A B C / |
| Statement of responsibility, etc | text by Maureen Spurgeon ; illustrations by Pamela Storey. |
| 260 ## - PUBLICATION, DISTRIBUTION, ETC. (IMPRINT) | |
| Place of publication, distribution, etc | Beauchamp, Leics, England : |
| Name of publisher, distributor, etc | Brown Watson, |
| Date of publication, distribution, etc | 1993. |
| 300 ## - PHYSICAL DESCRIPTION | |
| Extent | 1 v. p. : ill. ; cm. |
| 650 ## - SUBJECT ADDED ENTRY--TOPICAL TERM | |
| Topical term or geographic name as entry element | Alphabet |
| General subdivision | Juvenile literature. |
| 650 ## - SUBJECT ADDED ENTRY--TOPICAL TERM | |
| Topical term or geographic name as entry element | Children stories. |
| Withdrawn status | Lost status | Damaged status | Use restrictions | Home library | Current library | Shelving location | Date acquired | Source of acquisition | Total Checkouts | Full call number | Barcode | Date last seen | Price effective from | Koha item type |
|---|---|---|---|---|---|---|---|---|---|---|---|---|---|---|
| Munich Library | Munich Library | Main Section | 12/29/2004 | M 423.1 Sp9 1993 | M0099 | 04/14/2014 | 04/14/2014 | Books | ||||||
| Munich Library | Munich Library | Main Section | 07/27/2010 | M 423.1 Sp9 1993 | M0338 | 04/14/2014 | 04/14/2014 | Books |